[Event "Ufa-ch FL"]
[Site "Ufa"]
[Date "2012.11.24"]
[Round "6"]
[White "Vyrypaev, Evgeny"]
[Black "Khasanshin, Airat"]
[Result "1-0"]
[WhiteElo "2012"]
[BlackElo "1815"]
[PlyCount "61"]
[EventDate "2012.11.19"]
[EventType "swiss"]
[EventRounds "9"]
[EventCountry "RUS"]
[SourceTitle "EXT 2023"]
[Source "ChessBase"]
[SourceDate "2022.10.05"]
[SourceVersion "1"]
[SourceVersionDate "2022.10.05"]
[SourceQuality "1"]

1. c4 Nf6 2. Nc3 g6 3. e4 d6 4. d4 Bg7 5. f3 0-0 6. Bg5 c5 7. d5 h6 8. Be3 Nh7 9. Qd2 h5 10. Bh6 f5 11. Bxg7 Kxg7 12. Bd3 Qe8 13. Nge2 a6 14. b3 Bd7 15. a4 a5 16. Nb5 Qd8 17. Nf4 Nf6 18. exf5 gxf5 19. Nxh5+ Nxh5 20. Qg5+ Kf7 21. Qxh5+ Kf6 22. Qh6+ Kf7 23. 0-0-0 Rh8 24. Qf4 Qg8 25. Bxf5 Bxf5 26. Qxf5+ Kg7 27. Nc7 Ra7 28. Rde1 Qf7 29. Ne6+ Kg8 30. Qg5+ Kh7 31. Re4 1-0

[Event "Ufa-ch FL"]
[Site "Ufa"]
[Date "2012.11.22"]
[Round "4"]
[White "Vyrypaev, Evgeny"]
[Black "Iskhakov, Artur"]
[Result "1-0"]
[WhiteElo "2012"]
[BlackElo "1908"]
[PlyCount "61"]
[EventDate "2012.11.19"]
[EventType "swiss"]
[EventRounds "9"]
[EventCountry "RUS"]
[SourceTitle "EXT 2023"]
[Source "ChessBase"]
[SourceDate "2022.10.05"]
[SourceVersion "1"]
[SourceVersionDate "2022.10.05"]
[SourceQuality "1"]

1. e4 c6 2. d4 d5 3. e5 Bf5 4. Nf3 e6 5. Be2 Ne7 6. Nbd2 h6 7. 0-0 Nd7 8. Nb3 Qc7 9. Be3 Ng6 10. Ne1 Ne7 11. Nd3 b6 12. Qd2 g5 13. a4 Bg7 14. a5 0-0 15. h4 f6 16. exf6 Nxf6 17. hxg5 Ne4 18. Qc1 hxg5 19. Bxg5 Nxg5 20. Qxg5 Rac8 21. axb6 axb6 22. c3 Rf6 23. Ne5 Bc2 24. Nd2 Ng6 25. Bd3 Nf4 26. Ng4 Bxd3 27. Nxf6+ Kf7 28. Nh5 Ne2+ 29. Kh1 Rg8 30. Ra8 Bf8 31. Qf6# 1-0

[Event "Ufa Kopylov Memorial op 8th"]
[Site "Ufa"]
[Date "2011.12.18"]
[Round "2"]
[White "Vyrypaev, Evgeny"]
[Black "Imashev, Ildar"]
[Result "1/2-1/2"]
[WhiteElo "2004"]
[BlackElo "2283"]
[PlyCount "93"]
[EventDate "2011.12.17"]
[EventType "swiss"]
[EventRounds "9"]
[EventCountry "RUS"]
[SourceTitle "CBM 146 Extra"]
[Source "ChessBase"]
[SourceDate "2012.02.29"]
[SourceVersion "1"]
[SourceVersionDate "2012.02.29"]
[SourceQuality "1"]

1. e4 e5 2. Nf3 Nf6 3. Nxe5 d6 4. Nf3 Nxe4 5. Qe2 Qe7 6. d3 Nf6 7. Bg5 Nbd7 8. Nc3 Qxe2+ 9. Bxe2 c6 10. d4 Be7 11. d5 Nxd5 12. Nxd5 cxd5 13. Bxe7 Kxe7 14. 0-0-0 Nf6 15. Rhe1 Kf8 16. Nd4 a6 17. Bf3 Bd7 18. h3 Rc8 19. Re3 g6 20. Rb3 Rc7 21. Re1 Kg7 22. Rb6 Rc4 23. c3 Rhc8 24. Kd2 Bc6 25. Nxc6 bxc6 26. Rxa6 Rc7 27. g3 Nd7 28. b3 Rc5 29. Be2 d4 30. cxd4 Rd5 31. Bc4 Rf5 32. f4 Nf6 33. h4 h6 34. Ra8 g5 35. Rg1 Re7 36. a4 Re4 37. Kc3 Re3+ 38. Kd2 Rf3 39. Ra7 Ne4+ 40. Ke2 Rc3 41. Bd3 d5 42. b4 Rb3 43. b5 cxb5 44. axb5 Rf6 45. Ra6 Rb2+ 46. Ke3 Nd6 47. hxg5 1/2-1/2

[Event "Ufa Kopylov Memorial op-B 7th"]
[Site "Ufa"]
[Date "2010.12.26"]
[Round "7"]
[White "Vyrypaev, Evgeny"]
[Black "Ivanov, Vladislav"]
[Result "1-0"]
[WhiteElo "2041"]
[BlackElo "1880"]
[PlyCount "59"]
[EventDate "2010.12.21"]
[EventType "swiss"]
[EventRounds "9"]
[EventCountry "RUS"]
[SourceTitle "EXT 2012"]
[Source "ChessBase"]
[SourceDate "2011.11.24"]
[SourceVersion "1"]
[SourceVersionDate "2011.11.24"]
[SourceQuality "1"]

1. e4 c6 2. d4 d5 3. e5 c5 4. c3 Nc6 5. Nf3 Bg4 6. Nbd2 e6 7. Bb5 a6 8. Bxc6+ bxc6 9. dxc5 Bxc5 10. Qa4 Qb6 11. Qxg4 Bxf2+ 12. Kd1 Ne7 13. Qb4 Qa7 14. Nb3 Rb8 15. Qa4 0-0 16. Rf1 Bb6 17. Qg4 a5 18. Nbd4 Qa6 19. Rf2 c5 20. Nxe6 fxe6 21. Qxe6+ Kh8 22. Qxe7 d4 23. Kc2 Rfd8 24. Ng5 Re8 25. Nf7+ Kg8 26. Nh6+ gxh6 27. Qf7+ Kh8 28. Bxh6 d3+ 29. Kd2 Qb7 30. Bg7# 1-0

[Event "Ufa Siamidi Memorial op"]
[Site "Ufa"]
[Date "2010.10.26"]
[Round "9"]
[White "Kudojarov, Mars"]
[Black "Vyrypaev, Evgeny"]
[Result "1-0"]
[WhiteElo "1892"]
[BlackElo "2056"]
[PlyCount "99"]
[EventDate "2010.10.18"]
[EventType "swiss"]
[EventRounds "9"]
[EventCountry "RUS"]
[SourceTitle "EXT 2011"]
[Source "ChessBase"]
[SourceDate "2010.11.26"]
[SourceVersion "1"]
[SourceVersionDate "2010.11.26"]
[SourceQuality "1"]

1. d4 d5 2. c4 c6 3. Nf3 Nf6 4. cxd5 cxd5 5. Bf4 Nc6 6. e3 a6 7. Bd3 Bg4 8. Nbd2 e6 9. 0-0 Be7 10. Rc1 0-0 11. h3 Bh5 12. Nb3 Ne4 13. g4 Bg6 14. Ne5 Nxe5 15. Bxe5 f6 16. Bh2 Bd6 17. Bxe4 Bxe4 18. Bxd6 Qxd6 19. Nc5 b6 20. Nxe4 dxe4 21. Qc2 f5 22. Qc6 Qe7 23. Qc7 Qg5 24. Qg3 Rf6 25. Kh2 fxg4 26. Qxg4 Qd5 27. Rc2 Raf8 28. Qh4 Qb5 29. Rg1 Qd5 30. Rg2 a5 31. b3 h6 32. Rg4 g5 33. Qg3 Rf3 34. Qg2 R8f5 35. h4 Kf7 36. hxg5 hxg5 37. Kg1 Kg6 38. Qh2 Rf7 39. Qh8 Qf5 40. Rg2 Rh3 41. Qg8+ Rg7 42. Qe8+ Kf6 43. Qd8+ Kg6 44. Qe8+ Kf6 45. Qf8+ Rf7 46. Qd8+ Kg6 47. Qg8+ Kf6 48. Qd8+ Kg6 49. Rc7 g4 50. Qg8+ 1-0

[Event "Ufa Kopylov Memorial op-B 6th"]
[Site "Ufa"]
[Date "2009.12.24"]
[Round "9"]
[White "Vyrypaev, Evgeny"]
[Black "Nikitina, Elena"]
[Result "1-0"]
[WhiteElo "2056"]
[BlackElo "2030"]
[PlyCount "63"]
[EventDate "2009.12.15"]
[EventType "swiss"]
[EventRounds "9"]
[EventCountry "RUS"]
[SourceTitle "EXT 2012"]
[Source "ChessBase"]
[SourceDate "2011.11.24"]
[SourceVersion "1"]
[SourceVersionDate "2011.11.24"]
[SourceQuality "1"]

1. e4 d5 2. exd5 Qxd5 3. Nc3 Qa5 4. d4 Nf6 5. Nf3 Bg4 6. h3 Bh5 7. g4 Bg6 8. b4 Qxb4 9. Bd2 Qd6 10. Rb1 Nc6 11. Rxb7 a6 12. Bg2 e6 13. 0-0 Be7 14. Ne5 Nd5 15. Nxd5 exd5 16. Bf4 Nxe5 17. Bxe5 Qe6 18. Re1 0-0 19. Bxg7 Qc6 20. Bxf8 Bxf8 21. Qb1 Qc3 22. Rd1 Re8 23. Qb3 Qxb3 24. cxb3 Bd6 25. Bxd5 Re2 26. a4 Bc2 27. Rc1 Bf4 28. Bc4 Rd2 29. Rxc2 Rxc2 30. Bxa6 Bd6 31. Bc4 Kg7 32. a5 1-0

[Event "Ufa-ch"]
[Site "Ufa"]
[Date "2009.03.11"]
[Round "6"]
[White "Vyrypaev, Evgeny"]
[Black "Darmin, Dmitry"]
[Result "0-1"]
[WhiteElo "2068"]
[BlackElo "2367"]
[PlyCount "134"]
[EventDate "2009.03.01"]
[EventType "tourn"]
[EventRounds "11"]
[EventCountry "RUS"]
[EventCategory "2"]
[SourceTitle "EXT 2010"]
[Source "ChessBase"]
[SourceDate "2010.11.25"]
[SourceVersion "1"]
[SourceVersionDate "2010.11.25"]
[SourceQuality "1"]

1. e4 c6 2. d4 d5 3. e5 Bf5 4. Nf3 e6 5. a3 Nd7 6. Nbd2 Ne7 7. Nh4 c5 8. c3 Rc8 9. Nxf5 Nxf5 10. Bd3 cxd4 11. Bxf5 dxc3 12. Nf3 cxb2 13. Bxb2 Qa5+ 14. Qd2 Qxd2+ 15. Kxd2 exf5 16. Nd4 g6 17. f4 Bh6 18. g3 0-0 19. Rac1 a6 20. a4 Nb6 21. Rb1 Rfe8 22. Ba1 Nc4+ 23. Kd3 b6 24. h4 Bf8 25. h5 Bc5 26. e6 f6 27. hxg6 hxg6 28. Rh6 Bxd4 29. Bxd4 Kf8 30. Rh7 Rc6 31. Bxf6 Rcxe6 32. Bd4 R6e7 33. Rxe7 Kxe7 34. Bxb6 Kd7 35. Bd4 Kc6 36. Rh1 Rb8 37. Rh6 Rb3+ 38. Bc3 Kc5 39. Kc2 Ra3 40. Be1 d4 41. Rxg6 d3+ 42. Kb1 d2 43. Bxd2 Nxd2+ 44. Kc1 Ne4 45. g4 fxg4 46. Rxg4 Rxa4 47. f5 Kd5 48. f6 Rc4+ 49. Kb2 Nxf6 50. Rg5+ Kc6 51. Rg6 Rf4 52. Kb3 Kc5 53. Ka3 a5 54. Kb3 Nd5 55. Rg5 Kc6 56. Rh5 a4+ 57. Kb2 Rf3 58. Rh4 Nb6 59. Rh5 Nc4+ 60. Ka2 Rf2+ 61. Kb1 Re2 62. Ka1 Ne5 63. Kb1 Kb5 64. Ka1 Kb4 65. Rh3 Nc4 66. Rh4 Kb3 67. Rh1 Ra2+ 0-1

[Event "Ufa-ch"]
[Site "Ufa"]
[Date "2009.03.10"]
[Round "5"]
[White "Jamilov, Robert F"]
[Black "Vyrypaev, Evgeny"]
[Result "1/2-1/2"]
[WhiteElo "2425"]
[BlackElo "2068"]
[PlyCount "93"]
[EventDate "2009.03.01"]
[EventType "tourn"]
[EventRounds "11"]
[EventCountry "RUS"]
[EventCategory "2"]
[SourceTitle "EXT 2010"]
[Source "ChessBase"]
[SourceDate "2010.11.25"]
[SourceVersion "1"]
[SourceVersionDate "2010.11.25"]
[SourceQuality "1"]

1. e4 c6 2. d4 d5 3. exd5 cxd5 4. Bd3 Nc6 5. c3 Nf6 6. Bf4 e6 7. Nf3 Bd6 8. Bxd6 Qxd6 9. 0-0 0-0 10. Re1 h6 11. Nbd2 Nd7 12. Qe2 Re8 13. Ne5 Nf8 14. Qh5 Nxe5 15. dxe5 Qe7 16. Re3 Qg5 17. Qxg5 hxg5 18. Rg3 f6 19. exf6 gxf6 20. h4 e5 21. c4 e4 22. Bc2 Be6 23. Re1 Rac8 24. cxd5 Bxd5 25. Bxe4 Kg7 26. Ree3 Bxe4 27. Nxe4 Rc1+ 28. Kh2 Rd8 29. Rb3 b6 30. hxg5 f5 31. Rgc3 Rxc3 32. Nxc3 Kg6 33. Nb5 Rd7 34. f4 Ne6 35. Rb4 a5 36. Rc4 Nc5 37. a3 Kh5 38. b4 Ne4 39. Nc3 Nf2 40. Kg3 Rd2 41. Kf3 Ng4 42. Rc8 Rf2+ 43. Kg3 Rd2 44. Rh8+ Kg6 45. Ne4 Rd3+ 46. Kh4 Ne3 47. Rh6+ 1/2-1/2

[Event "Ufa-ch"]
[Site "Ufa"]
[Date "2009.03.01"]
[Round "1"]
[White "Nechepurenko, Roman V"]
[Black "Vyrypaev, Evgeny"]
[Result "1-0"]
[WhiteElo "2503"]
[BlackElo "2068"]
[PlyCount "65"]
[EventDate "2009.03.01"]
[EventType "tourn"]
[EventRounds "11"]
[EventCountry "RUS"]
[EventCategory "2"]
[SourceTitle "EXT 2010"]
[Source "ChessBase"]
[SourceDate "2010.11.25"]
[SourceVersion "1"]
[SourceVersionDate "2010.11.25"]
[SourceQuality "1"]

1. d4 Nf6 2. c4 e6 3. Nc3 Bb4 4. Qc2 b6 5. e4 Bb7 6. Bd3 Nc6 7. Nf3 Be7 8. a3 d6 9. 0-0 h6 10. Qe2 Nd7 11. Bc2 Bf6 12. Be3 a6 13. Rad1 Qe7 14. Rfe1 g6 15. d5 Nce5 16. Nd4 g5 17. b4 h5 18. Bb3 c5 19. dxc6 Nxc6 20. Qd2 Nxd4 21. Bxd4 Rd8 22. Bxf6 Qxf6 23. Ba4 0-0 24. Bxd7 Rxd7 25. Na4 b5 26. Nc5 dxc5 27. Qxd7 Bc8 28. Qc7 Qc3 29. Qxc5 f6 30. cxb5 Qxa3 31. bxa6 Qxa6 32. Ra1 Qd3 33. Ra8 1-0